| 000 | 00697nam a2200181 a 4500 | ||
|---|---|---|---|
| 008 | 060608s2005 ||||||||||||||||| || u | ||
| 050 | _aIBRD(08)PRWP/3780 | ||
| 100 | _aSirtaine, Sophe | ||
| 245 | 1 | 3 | _aAn analysis of the 2002 Uruguayan banking crisis |
| 260 |
_aWashington, D. C _bWorld Bank _c2005 |
||
| 300 | _a33p.ill. | ||
| 350 | _a0.00 | ||
| 490 | _aWorld Bank policy research working papers | ||
| 650 | _aBANKING CRISIS--RESEARCH--ANALYSIS--URUGUAYAN | ||
| 650 | 0 | _aECONOMICS | |
| 700 | _aDe La Plaza, Luis | ||
| 995 |
_D0.00 _FCBU-MAIN LIBRARY (Kitwe) _H1 _I0.00 _M1 _UAVAILABLE _WJun 8, 2006 _ZInternational Publications |
||
| 999 |
_c34296 _d34296 |
||